<?xml version="1.0" encoding="UTF-8"?>
<marc:record xmlns:marc="http://www.loc.gov/MARC21/slim">
   <marc:leader>00000nam a2200000 a 4500</marc:leader>
   <marc:datafield ind1="1" ind2=" " tag="100">
      <marc:subfield code="a">Ross, Stewart</marc:subfield>
      <marc:subfield code="4">aut</marc:subfield>
      <marc:subfield code="e">Verfasser/-in</marc:subfield>
   </marc:datafield>
   <marc:datafield ind1="0" ind2="0" tag="245">
      <marc:subfield code="a">Abenteuer im alten Griechenland</marc:subfield>
   </marc:datafield>
   <marc:datafield ind1="0" ind2="0" tag="245">
      <marc:subfield code="c">Ross, Stewart</marc:subfield>
   </marc:datafield>
   <marc:datafield ind1=" " ind2="1" tag="264">
      <marc:subfield code="a">München</marc:subfield>
      <marc:subfield code="b">Dorling Kindersley</marc:subfield>
      <marc:subfield code="c">2005</marc:subfield>
   </marc:datafield>
   <marc:datafield ind1="1" ind2=" " tag="520">
      <marc:subfield code="a">Der aus dem Englischen übersetzte Band verbindet einen Abenteuercomic um einen Athener Teilnehmer an der antiken Olympiade mit vielen Informationen zum Leben, zur Religion und zur Kultur im alten Griechenland. Ein Läufer Spartas will um jeden Preis gewinnen und beauftragt einen Kriminellen, seinen Athener Konkurrenten auszuschalten, doch verschiedene Anschläge misslingen und am Ende gewinnt der Athener. Während sich der Comic jeweils an den Rändern der Doppelseiten befindet, gibt der größere Teil der Seiten Informationen zum Leben im alten Griechenland. Ausführlich vorgestellt werden die gegensätzlichen Städte Athen und Sparta, das Alltagsleben, die Religion, das Theater, der Handel, die Heldensagen und die Olympischen Spiele. Die reich 4-farbig illustrierten Seiten geben einen guten Einblick und vertiefen geschickt die Abenteuergeschichte. Im Vergleich mit ähnlichen Bänden wie "Detektiv im alten Griechenland" oder "Reise in das alte Griechenland" überzeugt v.a. die Kombination des fiktionalen Comics mit den vielfältigen Sachinformationen.</marc:subfield>
   </marc:datafield>
   <marc:datafield ind1=" " ind2=" " tag="020">
      <marc:subfield code="a">9783831006762</marc:subfield>
      <marc:subfield code="9">9783831006762</marc:subfield>
   </marc:datafield>
   <marc:datafield ind1=" " ind2=" " tag="020">
      <marc:subfield code="a">3831006768</marc:subfield>
      <marc:subfield code="9">3831006768</marc:subfield>
   </marc:datafield>
   <marc:datafield ind1=" " ind2=" " tag="041">
      <marc:subfield code="a">ger</marc:subfield>
   </marc:datafield>
   <marc:datafield ind1=" " ind2=" " tag="338">
      <marc:subfield code="a">Band</marc:subfield>
   </marc:datafield>
   <marc:datafield ind1=" " ind2=" " tag="300">
      <marc:subfield code="a">31 S. : überw. Ill.</marc:subfield>
   </marc:datafield>
</marc:record>
